[Event "Rated Blitz game"]
[Site "?"]
[Date "2021.06.28"]
[Round "?"]
[White "Noumenon1770"]
[Black "Schachelite"]
[Result "0-1"]
[WhiteElo "2272"]
[BlackElo "2429"]
[PlyCount "100"]
[EventDate "2021.??.??"]
[EventType "blitz"]

1. e4 e5 2. Nf3 d5 3. Nxe5 Bd6 4. d4 dxe4 5. Nc3 Nf6 6. Bc4 O-O 7. O-O Nbd7 8.
Nxd7 Qxd7 9. Bg5 Qf5 10. Bxf6 Qxf6 11. Re1 Bf5 12. Bd5 Rfe8 13. Bxb7 Rab8 14.
Bd5 Rxb2 15. Bb3 Bb4 16. Nd5 Qd6 17. Nxb4 Qxb4 18. Qc1 Qa3 19. Re3 Kf8 20. Bxf7
Qb4 21. Bxe8 Kxe8 22. Rb3 Rxb3 23. cxb3 Qxd4 24. Qc6+ Bd7 25. Qa8+ Kf7 26. Re1
Bf5 27. Qc6 Qd2 28. Qc4+ Kg6 29. Qe2 Qd4 30. h3 h5 31. g4 hxg4 32. hxg4 Be6 33.
Qxe4+ Qxe4 34. Rxe4 Kf6 35. Ra4 c6 36. Rxa7 Bxg4 37. Ra6 Bf3 38. Rb6 Ke5 39. a4
Kd6 40. a5 Kc7 41. Rb4 c5 42. Rf4 Bd5 43. Rf5 Kc6 44. Rxd5 Kxd5 45. Kg2 Kc6 46.
Kf3 Kb5 47. Ke4 Kxa5 48. Kd5 Kb4 49. Kc6 g5 50. Kd5 g4 {Time forfeit} 0-1

[Event "Rated Blitz tournament aHMs4gDh"]
[Site "?"]
[Date "2021.06.28"]
[Round "?"]
[White "gabriel570869"]
[Black "Madjrs72"]
[Result "1/2-1/2"]
[WhiteElo "2335"]
[BlackElo "2445"]
[PlyCount "26"]
[EventDate "2021.??.??"]
[EventType "blitz"]

1. e4 e5 2. Nf3 d5 3. exd5 e4 4. Qe2 Nf6 5. Nc3 Be7 6. Nxe4 Nxd5 7. d4 O-O 8.
Qd1 f5 9. Nc3 Bb4 10. Bd2 Re8+ 11. Be2 Bxc3 12. bxc3 c5 13. O-O Nc6 {Normal}
1/2-1/2

[Event "Rated Blitz game"]
[Site "?"]
[Date "2021.06.28"]
[Round "?"]
[White "kingph31"]
[Black "GrandeGila"]
[Result "1-0"]
[WhiteElo "2332"]
[BlackElo "2510"]
[PlyCount "61"]
[EventDate "2021.??.??"]
[EventType "blitz"]

1. e4 e5 2. Nf3 d5 3. exd5 e4 4. Qe2 Nf6 5. d3 Qxd5 6. Nbd2 Nc6 7. c4 Qa5 8.
dxe4 Bg4 9. e5 Nd7 10. h3 Bxf3 11. Qxf3 Ndxe5 12. Qe4 O-O-O 13. Be2 Bb4 14. Qf4
Rhe8 15. O-O Bxd2 16. Bxd2 Qxd2 17. Bg4+ Nxg4 18. Qxg4+ Qd7 19. Qxg7 Rg8 20.
Qh6 Rg6 21. Qxh7 Rdg8 22. Rad1 Rxg2+ 23. Kh1 Qe6 24. Rfe1 Qxc4 25. Qf5+ Kb8 26.
Re4 Qxa2 27. Rde1 a6 28. Re8+ Ka7 29. Qc5+ b6 30. Qxc6 R2g6 31. Qxc7# {Normal}
1-0

[Event "Rated Blitz tournament zQgDNPRJ"]
[Site "?"]
[Date "2021.06.28"]
[Round "?"]
[White "Fight-chess"]
[Black "InvisibleKoT"]
[Result "0-1"]
[WhiteElo "2548"]
[BlackElo "2513"]
[PlyCount "132"]
[EventDate "2021.??.??"]
[EventType "blitz"]

1. e4 e5 2. Nf3 d5 3. c3 dxe4 4. Nxe5 Bd6 5. Nc4 Nf6 6. Nxd6+ Qxd6 7. d3 Bg4 8.
Qc2 exd3 9. Qxd3 Qe6+ 10. Be3 Nc6 11. Be2 Rd8 12. Qb5 O-O 13. O-O a6 14. Qc4
Bxe2 15. Qxe2 Nd5 16. Re1 Rfe8 17. Nd2 Nxe3 18. fxe3 Ne5 19. Rad1 g6 20. h3 f5
21. e4 Nd3 22. Rf1 fxe4 23. b3 e3 24. Nc4 b5 25. Rxd3 bxc4 26. Rxd8 Rxd8 27.
bxc4 Qe4 28. Re1 Re8 29. c5 Kg7 30. Qxa6 e2 31. Qb5 Qe3+ 32. Kh1 Re7 33. a4 Qd2
34. Qb1 Re5 35. a5 Rxc5 36. a6 Ra5 37. Kg1 Rxa6 38. c4 Re6 39. c5 Qd4+ 40. Kh2
Qxc5 41. Qb2+ Qe5+ 42. Qxe5+ Rxe5 43. Kg3 Kf6 44. Kf2 Ke6 45. Rxe2 Rxe2+ 46.
Kxe2 Kd5 47. Kd2 Kd4 48. Kc2 c5 49. Kd2 c4 50. g3 c3+ 51. Kc2 Ke3 52. Kxc3 Kf3
53. Kd3 Kxg3 54. Ke3 Kxh3 55. Kf3 g5 56. Kf2 h5 57. Kg1 g4 58. Kh1 Kh4 59. Kg1
Kg3 60. Kh1 h4 61. Kg1 h3 62. Kh1 Kf2 63. Kh2 g3+ 64. Kh1 g2+ 65. Kh2 g1=Q+ 66.
Kxh3 Qg3# {Normal} 0-1

[Event "Rated Blitz game"]
[Site "?"]
[Date "2021.06.28"]
[Round "?"]
[White "spanner-rt07"]
[Black "CalypsoChess"]
[Result "1-0"]
[WhiteElo "2413"]
[BlackElo "2277"]
[PlyCount "85"]
[EventDate "2021.??.??"]
[EventType "blitz"]

1. e4 e5 2. Nf3 d5 3. d4 Bd6 4. Nc3 dxe4 5. Nxe4 exd4 6. Bd3 Nc6 7. O-O Be6 8.
Bb5 Nge7 9. Nxd4 O-O 10. Nxe6 fxe6 11. Bc4 Nd5 12. Bxd5 exd5 13. Qxd5+ Kh8 14.
Nxd6 cxd6 15. Be3 Rc8 16. c3 Qf6 17. Rad1 Rcd8 18. Bd4 Qg6 19. Rfe1 h6 20. Qe6
Qc2 21. Qxh6+ Qh7 22. Bxg7+ Kg8 23. Qxh7+ Kxh7 24. Bxf8 Rxf8 25. Rxd6 Kg7 26.
Rd7+ Kg6 27. Rxb7 Kf5 28. f3 Ne5 29. Rb5 Kf4 30. Rbxe5 Rg8 31. Kf2 Rxg2+ 32.
Kxg2 a5 33. R5e4+ Kf5 34. Kg3 a4 35. Rxa4 Kf6 36. Ra5 Kf7 37. Ra6 Kg7 38. Kg4
Kf7 39. Kg5 Kg7 40. f4 Kf7 41. f5 Kg7 42. Ra7+ Kf8 43. Kf6 {Normal} 1-0

[Event "Rated Blitz game"]
[Site "?"]
[Date "2021.06.28"]
[Round "?"]
[White "persian_golff"]
[Black "KinzyabulatovRenat"]
[Result "1-0"]
[WhiteElo "2538"]
[BlackElo "2435"]
[PlyCount "59"]
[EventDate "2021.??.??"]
[EventType "blitz"]

1. e4 e5 2. Nf3 d5 3. Nc3 d4 4. Ne2 c5 5. Ng3 Nc6 6. Bb5 Bd6 7. Bxc6+ bxc6 8.
d3 Ne7 9. b3 O-O 10. Nd2 Be6 11. O-O a5 12. a4 Kh8 13. Ba3 f5 14. exf5 Nxf5 15.
Nge4 Qe7 16. Nxd6 Qxd6 17. Ne4 Qc7 18. Bxc5 Rf7 19. Ng5 Rf6 20. Nxe6 Rxe6 21.
Qh5 Rf6 22. Rae1 e4 23. g3 g6 24. Qg5 Re6 25. Rxe4 Rae8 26. Rfe1 Rxe4 27. Rxe4
Rd8 28. Qf6+ Kg8 29. g4 Ng7 30. Re7 {Normal} 1-0

[Event "Rated Blitz game"]
[Site "?"]
[Date "2021.06.28"]
[Round "?"]
[White "dayunyor"]
[Black "GrandeGila"]
[Result "0-1"]
[WhiteElo "2359"]
[BlackElo "2512"]
[PlyCount "68"]
[EventDate "2021.??.??"]
[EventType "blitz"]

1. e4 e5 2. Nf3 d5 3. Nc3 dxe4 4. Nxe4 f5 5. Nc3 e4 6. Ng1 Nf6 7. d4 Nc6 8. Bb5
Bd7 9. Nge2 Bd6 10. Bg5 O-O 11. h3 h6 12. Bxf6 Qxf6 13. Nd5 Qf7 14. c4 Rad8 15.
O-O a6 16. Ba4 Kh8 17. c5 Be7 18. Bb3 Be6 19. Nxe7 Qxe7 20. Nf4 Bf7 21. d5 g5
22. Ne2 Qe5 23. Nc3 Nb4 24. d6 cxd6 25. Bxf7 dxc5 26. Qh5 Qg7 27. Bc4 b5 28. a3
Nc2 29. Rac1 Rd2 30. Bb3 Nd4 31. Bd5 Rd8 32. Bxe4 fxe4 33. Nxe4 Rxb2 34. Rfe1
Ne6 {Time forfeit} 0-1

[Event "Rated Blitz game"]
[Site "?"]
[Date "2021.06.28"]
[Round "?"]
[White "SomeCM"]
[Black "KinzyabulatovRenat"]
[Result "0-1"]
[WhiteElo "2400"]
[BlackElo "2376"]
[PlyCount "50"]
[EventDate "2021.??.??"]
[EventType "blitz"]

1. e4 e5 2. Nf3 d5 3. exd5 e4 4. Qe2 Nf6 5. Nc3 Be7 6. Nxe4 Nxd5 7. d3 O-O 8.
g3 Re8 9. Be3 f5 10. Ned2 Nc6 11. O-O-O Kh8 12. Kb1 Bf6 13. Nb3 a5 14. a3 a4
15. Nc1 b5 16. Na2 b4 17. axb4 a3 18. c3 axb2 19. Qxb2 Rxa2 20. Kxa2 Nxc3+ 21.
Kb3 Nxd1 22. Qc2 Be6+ 23. Ka4 Qa8+ 24. Kb5 Qb7+ 25. Kc5 Be7# {Normal} 0-1

[Event "Rated Blitz game"]
[Site "?"]
[Date "2021.06.28"]
[Round "?"]
[White "Neoslick"]
[Black "kamilgrosicky"]
[Result "1/2-1/2"]
[WhiteElo "2444"]
[BlackElo "2293"]
[PlyCount "201"]
[EventDate "2021.??.??"]
[EventType "blitz"]

1. e4 e5 2. Nf3 d5 3. Nc3 dxe4 4. Nxe4 Nf6 5. Ng3 Bc5 6. Bc4 O-O 7. O-O Nc6 8.
d3 h6 9. h3 Re8 10. Re1 Qd6 11. Be3 Nd4 12. c3 Nxf3+ 13. Qxf3 Bd7 14. Nf5 Bxf5
15. Qxf5 Bxe3 16. Rxe3 Re7 17. Rae1 Rae8 18. Rg3 Nd5 19. Rf3 c6 20. Bb3 a5 21.
Bc2 Qe6 22. Qxe6 Rxe6 23. Bb3 b5 24. a3 a4 25. Ba2 e4 26. dxe4 Rxe4 27. Rxe4
Rxe4 28. Kf1 Nf4 29. g3 Ne6 30. Rd3 c5 31. Bxe6 fxe6 32. Rd7 b4 33. f3 Rc4 34.
axb4 cxb4 35. cxb4 Rxb4 36. Rd2 Rb3 37. Kf2 Kf7 38. h4 Kf6 39. g4 Ke5 40. Kg3
g6 41. Re2+ Kf6 42. Kf4 a3 43. bxa3 Rxa3 44. g5+ hxg5+ 45. hxg5+ Kf7 46. Kg4
Ra5 47. Rb2 Ra7 48. Rb5 Rc7 49. Kf4 Rd7 50. Ke5 Ke7 51. f4 Kf7 52. Ra5 Ke7 53.
Ra8 Rd5+ 54. Ke4 Rf5 55. Rh8 Kf7 56. Rh7+ Kf8 57. Ra7 Rb5 58. Ra6 Kf7 59. Ra7+
Kf8 60. Rd7 Ra5 61. Rd4 Kf7 62. Rb4 Kf8 63. Kf3 Kf7 64. Rc4 Rd5 65. Re4 Ra5 66.
Re5 Ra3+ 67. Kg4 Ra4 68. Rb5 Ra6 69. Rb7+ Kf8 70. Kf3 Ra4 71. Ke3 Rc4 72. Rh7
Ra4 73. Rh6 Kf7 74. Kf3 Rb4 75. Rh7+ Kf8 76. Kg4 Rc4 77. Rd7 Rb4 78. Kf3 Ra4
79. Rd3 Rb4 80. Re3 Kf7 81. Re4 Rb3+ 82. Re3 Rb4 83. Kg4 Ra4 84. Rh3 Rb4 85.
Rh7+ Kf8 86. Kf3 Ra4 87. Ke3 Rb4 88. Rh2 Ra4 89. Rd2 Rb4 90. Rd4 Rb5 91. Ke4
Ra5 92. Rc4 Rb5 93. Kd4 Rf5 94. Kc3 Kf7 95. Kd3 Kf8 96. Ke4 Ra5 97. Rc6 Kf7 98.
Rd6 Rb5 99. Rd4 Ra5 100. Rb4 Rc5 101. Rb6 {Normal} 1/2-1/2

[Event "Rated Blitz game"]
[Site "?"]
[Date "2021.06.28"]
[Round "?"]
[White "riserman"]
[Black "CreepyMovez"]
[Result "0-1"]
[WhiteElo "2462"]
[BlackElo "2310"]
[PlyCount "88"]
[EventDate "2021.??.??"]
[EventType "blitz"]

1. e4 e5 2. Nf3 d5 3. exd5 e4 4. Qe2 Nf6 5. d3 Bd6 6. dxe4 O-O 7. Be3 Re8 8.
Nbd2 Nxe4 9. Nxe4 Rxe4 10. O-O-O Bg4 11. h3 Bh5 12. g4 Bg6 13. Kb1 Qe7 14. Qd2
Nd7 15. Bd3 Re8 16. Bxe4 Bxe4 17. Nd4 Bxh1 18. Rxh1 a6 19. Nf5 Qe4 20. Rd1 b5
21. Bd4 Bf4 22. Qc3 Qe2 23. Rg1 Nb6 24. a3 Nxd5 25. Qc6 Qe4 26. Ka1 b4 27. a4
h6 28. Bxg7 b3 29. cxb3 Nb4 30. Qxe4 Rxe4 31. Bc3 a5 32. Rd1 Kh7 33. Bxb4 axb4
34. Rd7 Kg6 35. f3 Re2 36. Rd4 Be5 37. Rxb4 Rxb2 38. Re4 Re2+ 39. Kb1 Rb2+ 40.
Kc1 Bf6 41. f4 Rxb3 42. h4 Rf3 43. h5+ Kh7 44. Rc4 Rf1+ {Time forfeit} 0-1

[Event "Rated Blitz tournament VVVxXsmp"]
[Site "?"]
[Date "2021.06.28"]
[Round "?"]
[White "errie_009"]
[Black "Secret2700"]
[Result "1-0"]
[WhiteElo "2256"]
[BlackElo "2509"]
[PlyCount "127"]
[EventDate "2021.??.??"]
[EventType "blitz"]

1. e4 e5 2. Nf3 d5 3. Nxe5 Bd6 4. d4 dxe4 5. Qe2 Bxe5 6. dxe5 Nc6 7. Qxe4 Qd4
8. Nc3 Qxe4+ 9. Nxe4 Nxe5 10. Bf4 f6 11. O-O-O Bf5 12. Nc5 b6 13. Bb5+ c6 14.
Nb7 cxb5 15. Nd6+ Kf8 16. Nxf5 Ne7 17. Nxe7 Kxe7 18. Bxe5 fxe5 19. Rhe1 Ke6 20.
f4 Rhe8 21. Rxe5+ Kf6 22. Rde1 Rxe5 23. Rxe5 a6 24. Rd5 Ke6 25. Re5+ Kd6 26.
Rg5 Ra7 27. c3 Re7 28. Kd2 h6 29. Rg6+ Kd5 30. Rxb6 Ra7 31. Kd3 a5 32. Rxb5+
Ke6 33. Ke4 Kf6 34. Rb6+ Kf7 35. g4 Kg8 36. f5 Kh7 37. h4 Re7+ 38. Kf4 Re1 39.
Rb7 Rf1+ 40. Kg3 Rg1+ 41. Kf3 Rf1+ 42. Kg2 Rd1 43. f6 Rd8 44. Rxg7+ Kh8 45. g5
hxg5 46. hxg5 a4 47. g6 a3 48. Rh7+ Kg8 49. bxa3 Rd2+ 50. Kg3 Rd3+ 51. Kg4 Rxc3
52. Kg5 Rc5+ 53. Kh6 Rc1 54. f7+ Kf8 55. Rh8+ Ke7 56. f8=Q+ Kd7 57. Qd8+ Kc6
58. Qc8+ Kd5 59. Qxc1 Ke4 60. Qd1 Ke3 61. Re8+ Kf4 62. Qd4+ Kf3 63. Re3+ Kf2
64. Qd2+ {Normal} 1-0

[Event "Rated Blitz game"]
[Site "?"]
[Date "2021.06.28"]
[Round "?"]
[White "darkdisaster2002"]
[Black "KinzyabulatovRenat"]
[Result "0-1"]
[WhiteElo "2490"]
[BlackElo "2335"]
[PlyCount "110"]
[EventDate "2021.??.??"]
[EventType "blitz"]

1. e4 e5 2. Nf3 d5 3. exd5 e4 4. Ne5 Qxd5 5. d4 exd3 6. Nxd3 Nc6 7. Nc3 Qa5 8.
Be2 Bf5 9. O-O O-O-O 10. Bd2 Nd4 11. Bg4 Nf6 12. Bxf5+ Qxf5 13. Be3 Nxc2 14.
Qxc2 Qxd3 15. Qa4 a6 16. Rfd1 Qf5 17. Rxd8+ Kxd8 18. Qb3 Kc8 19. Qxf7 Bd6 20.
Rd1 Bxh2+ 21. Kh1 Bd6 22. Qc4 Qh5+ 23. Kg1 Qh2+ 24. Kf1 Re8 25. Nd5 Nxd5 26.
Qxd5 Qe5 27. Qxe5 Rxe5 28. Ke2 Bc5 29. Rh1 h6 30. Rh4 Bxe3 31. fxe3 Kd7 32. Rg4
g5 33. Kd3 c5 34. a4 b5 35. Rxg5 hxg5 36. axb5 axb5 37. b3 Ke6 38. g3 Kd5 39.
Kc3 Re4 40. Kd2 Rb4 41. Kc3 Ke4 42. g4 Kxe3 43. Kc2 Kd4 44. Kd2 Rxb3 45. Ke2
Rg3 46. Kf2 Rxg4 47. Kf3 Rf4+ 48. Kg3 b4 49. Kh3 b3 50. Kg3 b2 51. Kh3 b1=Q 52.
Kh2 Qd3 53. Kh1 Re4 54. Kg1 Re2 55. Kh1 Qd1# {Normal} 0-1

[Event "Rated Blitz game"]
[Site "?"]
[Date "2021.06.28"]
[Round "?"]
[White "DrGreateinstein"]
[Black "KinzyabulatovRenat"]
[Result "1-0"]
[WhiteElo "2542"]
[BlackElo "2391"]
[PlyCount "81"]
[EventDate "2021.??.??"]
[EventType "blitz"]

1. e4 e5 2. Nf3 d5 3. exd5 e4 4. Qe2 Nf6 5. Nc3 Be7 6. Nxe4 Nxd5 7. d3 O-O 8.
Qd1 c5 9. Be2 Nc6 10. O-O Re8 11. Nc3 Nxc3 12. bxc3 Bf6 13. Bb2 Qa5 14. d4 Bg4
15. h3 Bh5 16. Re1 Rad8 17. Ne5 Bxe2 18. Qxe2 Nxe5 19. dxe5 Bxe5 20. Kh1 g6 21.
f4 Bxf4 22. Qxe8+ Rxe8 23. Rxe8+ Kg7 24. c4+ Kh6 25. Rf1 Qd2 26. Bc1 Qxc1 27.
Rxc1 Bxc1 28. Re7 f5 29. Rxb7 a5 30. Rb5 Be3 31. Rxa5 Kg5 32. Ra7 h5 33. a4 Kf4
34. a5 Ke4 35. a6 Kd4 36. Rg7 g5 37. a7 Kxc4 38. a8=Q g4 39. Qa2+ Kc3 40. Qb3+
Kd2 41. Qd3+ {Normal} 1-0

[Event "Rated Blitz game"]
[Site "?"]
[Date "2021.06.28"]
[Round "?"]
[White "Pochochino"]
[Black "KinzyabulatovRenat"]
[Result "1-0"]
[WhiteElo "2442"]
[BlackElo "2414"]
[PlyCount "49"]
[EventDate "2021.??.??"]
[EventType "blitz"]

1. e4 e5 2. Nf3 d5 3. exd5 e4 4. Nd4 Qxd5 5. Nb3 Nc6 6. Nc3 Qe6 7. g3 Ne5 8.
Bg2 Nf3+ 9. Kf1 Nf6 10. Qe2 Bd7 11. d3 Bc6 12. Nxe4 Nxe4 13. dxe4 Ne5 14. f4
Nd7 15. Nd4 Qd6 16. Nxc6 Qxc6 17. e5 Qb6 18. Be3 Qxb2 19. Kf2 Nc5 20. Rab1 Qa3
21. Bxb7 Nxb7 22. Rxb7 Be7 23. Qb5+ Kf8 24. Rb8+ Rxb8 25. Qxb8+ {Normal} 1-0

[Event "Rated Blitz game"]
[Site "?"]
[Date "2021.06.28"]
[Round "?"]
[White "dandarwi"]
[Black "Aldebaraan"]
[Result "1-0"]
[WhiteElo "2440"]
[BlackElo "2313"]
[PlyCount "63"]
[EventDate "2021.??.??"]
[EventType "blitz"]

1. e4 e5 2. Nf3 d5 3. exd5 e4 4. Nd4 f5 5. c4 Nf6 6. Nc3 Bd6 7. d3 O-O 8. dxe4
fxe4 9. Be2 Qe8 10. O-O Qg6 11. Be3 Nbd7 12. Ncb5 Ne5 13. Nxd6 cxd6 14. Kh1
Nfg4 15. h3 Nxe3 16. fxe3 Qh6 17. Rxf8+ Kxf8 18. Qf1+ Kg8 19. Qf4 Qg6 20. Rf1
Bd7 21. c5 Nd3 22. Bxd3 exd3 23. Qxd6 Qxd6 24. cxd6 Re8 25. Kg1 Rxe3 26. Kf2
Re4 27. Nf3 Re2+ 28. Kg3 Rxb2 29. Ne5 Bb5 30. d7 Bxd7 31. Nxd7 Rb5 32. Rf8# {
Normal} 1-0

[Event "Rated Blitz game"]
[Site "?"]
[Date "2021.06.28"]
[Round "?"]
[White "Viktor_Tahirov555"]
[Black "blastol"]
[Result "0-1"]
[WhiteElo "2409"]
[BlackElo "2453"]
[PlyCount "111"]
[EventDate "2021.??.??"]
[EventType "blitz"]

1. e4 e5 2. Nf3 d5 3. d4 dxe4 4. Nxe5 Bd6 5. Nc4 Nf6 6. Nxd6+ Qxd6 7. Be2 Nc6
8. c3 O-O 9. O-O Bd7 10. Be3 Nd5 11. Nd2 f5 12. g3 Nxe3 13. fxe3 Qh6 14. Bc4+
Kh8 15. Qe2 Ne7 16. Rf2 Ng8 17. Raf1 Nf6 18. Bb3 Ng4 19. Rf4 g5 20. Rxg4 fxg4
21. Nxe4 Rxf1+ 22. Qxf1 Rf8 23. Qc4 Qg6 24. Bc2 Bf5 25. d5 Re8 26. Qd4+ Qg7 27.
Nf6 Rf8 28. Bxf5 Qxf6 29. Qxf6+ Rxf6 30. Bxg4 Kg7 31. e4 Kf7 32. e5 Rb6 33. b4
Ke7 34. Kf2 Ra6 35. h4 Rxa2+ 36. Ke3 gxh4 37. gxh4 Rc2 38. Kd4 Rh2 39. h5 Rh4
40. Kc5 Rxg4 41. c4 Rg5 42. h6 Rxe5 43. Kd4 Rh5 44. b5 Rxh6 45. c5 a6 46. bxa6
bxa6 47. c6 Kd6 48. Ke4 Rh5 49. Kd4 Rxd5+ 50. Ke4 Kxc6 51. Kf4 a5 52. Kg4 a4
53. Kf4 a3 54. Ke4 a2 55. Kf4 a1=Q 56. Kg4 {Normal} 0-1

[Event "Rated Blitz game"]
[Site "?"]
[Date "2021.06.28"]
[Round "?"]
[White "gefuehlter_FM"]
[Black "FearCastor"]
[Result "1-0"]
[WhiteElo "2746"]
[BlackElo "2623"]
[PlyCount "143"]
[EventDate "2021.??.??"]
[EventType "blitz"]

1. e4 e5 2. Nf3 d5 3. Nxe5 dxe4 4. d4 exd3 5. Bxd3 Nf6 6. O-O Bd6 7. Nc4 Be7 8.
Nc3 O-O 9. Bf4 Nc6 10. Bg3 Nb4 11. Be2 Qxd1 12. Bxd1 Bf5 13. Rc1 Ne4 14. Nxe4
Bxe4 15. a3 Nd5 16. Re1 Bf5 17. Ne3 Nxe3 18. Rxe3 Bg5 19. f4 Bf6 20. c3 Rfe8
21. Bf2 Rxe3 22. Bxe3 Rd8 23. Bf3 b6 24. Kf2 g6 25. Rd1 Rxd1 26. Bxd1 Be4 27.
Bd4 Bxd4+ 28. cxd4 Kf8 29. g3 Ke7 30. Ke3 Bd5 31. b4 Kd6 32. Ba4 Be6 33. h4 f6
34. Bd1 h6 35. Bc2 Bf5 36. Bb3 Bd7 37. Bf7 Bf5 38. Bc4 g5 39. Bb3 a5 40. Bc4
Be6 41. Be2 Kd5 42. Bf1 axb4 43. axb4 Bf5 44. Be2 Bc2 45. Bf1 Ba4 46. Be2 c6
47. Bf1 Bb5 48. Bg2+ Kc4 49. Ke4 gxh4 50. gxh4 Ba4 51. Kf5 Kxd4 52. Kxf6 Kc3
53. Kg7 Kxb4 54. f5 Bb3 55. Bxc6 Kc5 56. Be8 Kd6 57. Kxh6 Ke5 58. Kg6 Bc2 59.
Bd7 b5 60. h5 b4 61. h6 b3 62. h7 Kd4 63. h8=Q+ Kd3 64. Qb2 Kd2 65. Kg5 Ke3 66.
f6 Bg6 67. Bf5 Bxf5 68. Kxf5 Kd3 69. f7 Kc4 70. f8=Q Kd3 71. Qf7 Ke3 72. Qfxb3#
{Normal} 1-0

[Event "Rated Blitz game"]
[Site "?"]
[Date "2021.06.28"]
[Round "?"]
[White "Denis_Krukov"]
[Black "alaeldin112"]
[Result "1-0"]
[WhiteElo "2405"]
[BlackElo "2302"]
[PlyCount "47"]
[EventDate "2021.??.??"]
[EventType "blitz"]

1. e4 e5 2. Nf3 d5 3. Nxe5 Bd6 4. d4 dxe4 5. Nc3 Nf6 6. Bg5 O-O 7. Bc4 Bf5 8.
O-O h6 9. Bh4 Nc6 10. Bg3 Ne7 11. Re1 a6 12. Bh4 g5 13. Bg3 b5 14. Bb3 b4 15.
Na4 Kg7 16. c3 a5 17. Nc5 Ng6 18. Nxg6 Bxg6 19. Be5 Qe7 20. Bxf6+ Kxf6 21. Bd5
Bxc5 22. Bxa8 Bd6 23. Bxe4 Bxe4 24. f3 {Time forfeit} 1-0

[Event "Rated Blitz game"]
[Site "?"]
[Date "2021.06.28"]
[Round "?"]
[White "Gabriel_Young"]
[Black "KinzyabulatovRenat"]
[Result "1-0"]
[WhiteElo "2465"]
[BlackElo "2407"]
[PlyCount "105"]
[EventDate "2021.??.??"]
[EventType "blitz"]

1. e4 e5 2. Nf3 d5 3. Nxe5 Bd6 4. d4 dxe4 5. Bc4 Bxe5 6. dxe5 Qxd1+ 7. Kxd1 Nc6
8. Bf4 Nge7 9. Nc3 Ng6 10. Bg3 h5 11. h3 h4 12. Bh2 Bf5 13. Bb5 O-O-O+ 14. Ke1
Nd4 15. Ba4 c6 16. Ne2 Rhe8 17. Nxd4 Rxd4 18. Bb3 Re7 19. Rd1 Rxd1+ 20. Kxd1
Be6 21. Re1 Bd5 22. c4 Be6 23. Rxe4 Bf5 24. Re3 Nf8 25. g4 Bg6 26. f4 Bh7 27.
f5 Nd7 28. Kd2 Nc5 29. Bc2 g6 30. b4 Na6 31. b5 Nc5 32. f6 Rd7+ 33. Ke2 cxb5
34. cxb5 Kc7 35. g5 Kb6 36. a4 Ka5 37. Rc3 Ne6 38. Bg1 Nxg5 39. Bxa7 b6 40. Rc6
Rxa7 41. Rc8 Ne6 42. Rh8 Nd4+ 43. Kd3 Nxc2 44. Kxc2 g5+ 45. Rxh7 Rc7+ 46. Kd3
Rc5 47. Kd4 Rc1 48. Rxf7 Rh1 49. e6 Rxh3 50. e7 Rh1 51. e8=Q Rd1+ 52. Kc3 h3
53. Qa8# {Normal} 1-0

[Event "Rated Blitz game"]
[Site "?"]
[Date "2021.06.28"]
[Round "?"]
[White "kingph31"]
[Black "GrandeGila"]
[Result "0-1"]
[WhiteElo "2338"]
[BlackElo "2505"]
[PlyCount "104"]
[EventDate "2021.??.??"]
[EventType "blitz"]

1. e4 e5 2. Nf3 d5 3. exd5 e4 4. Qe2 Nf6 5. d3 Qxd5 6. Nc3 Bb4 7. Bd2 Bxc3 8.
Bxc3 O-O 9. Nd2 exd3 10. Qxd3 Re8+ 11. Be2 Qxd3 12. cxd3 Bf5 13. Bxf6 Bxd3 14.
Bc3 Rxe2+ 15. Kd1 Nc6 16. Re1 Rxf2 17. Ne4 Bxe4 18. Rxe4 Rd8+ 19. Ke1 Rxg2 20.
Kf1 Rxh2 21. Kg1 Rc2 22. Rae1 Kf8 23. a3 f6 24. Rh4 h6 25. a4 Re8 26. Rd1 Ree2
27. Rg4 a5 28. Kf1 b6 29. Rd7 Ne7 30. Rf4 Rh2 31. Kg1 Rcg2+ 32. Kf1 Ng6 33. Re4
Nh4 34. Rd8+ Kf7 35. Rd7+ Kg6 36. Rxh4 Rxh4 37. Kxg2 Rc4 38. Kf3 h5 39. Ke3 c6
40. Kd3 b5 41. axb5 cxb5 42. Rb7 h4 43. Rxb5 Rg4 44. Rxa5 h3 45. Ra1 Rg2 46.
Rh1 h2 47. b4 Kh5 48. b5 Kh4 49. b6 Kh3 50. b7 Rg3+ 51. Kd4 Rg4+ 52. Kd5 Rg1 {
Time forfeit} 0-1

[Event "Rated Blitz game"]
[Site "?"]
[Date "2021.06.28"]
[Round "?"]
[White "Fortachon00"]
[Black "blastol"]
[Result "0-1"]
[WhiteElo "2413"]
[BlackElo "2453"]
[PlyCount "32"]
[EventDate "2021.??.??"]
[EventType "blitz"]

1. e4 e5 2. Nf3 d5 3. exd5 Bd6 4. Nc3 Nf6 5. h3 e4 6. Ng5 O-O 7. Be2 Qe7 8. d3
exd3 9. Qxd3 h6 10. Nf3 Re8 11. Be3 Nbd7 12. O-O-O Nc5 13. Qc4 a6 14. Qh4 b5
15. Rhe1 b4 16. Qxb4 Nd3+ {Normal} 0-1

[Event "Rated Blitz game"]
[Site "?"]
[Date "2021.06.28"]
[Round "?"]
[White "viewer94"]
[Black "KinzyabulatovRenat"]
[Result "0-1"]
[WhiteElo "2417"]
[BlackElo "2396"]
[PlyCount "48"]
[EventDate "2021.??.??"]
[EventType "blitz"]

1. e4 e5 2. Nf3 d5 3. exd5 e4 4. Qe2 Nf6 5. d3 Qxd5 6. Nbd2 Nc6 7. Nxe4 Be6 8.
Bg5 Be7 9. Bxf6 gxf6 10. Qe3 O-O-O 11. Be2 f5 12. Nc3 Qa5 13. O-O Rhg8 14. Kh1
Bd6 15. d4 Nb4 16. a3 Nxc2 17. Qd2 Nxa1 18. Rxa1 Kb8 19. b4 Bxb4 20. Rc1 Qxa3
21. h3 Rd6 22. Qe3 Rc6 23. d5 Bxd5 24. Nxd5 Rxc1+ {Normal} 0-1

[Event "Rated Blitz game"]
[Site "?"]
[Date "2021.06.28"]
[Round "?"]
[White "Mightyms"]
[Black "annaly1979"]
[Result "1-0"]
[WhiteElo "2473"]
[BlackElo "2404"]
[PlyCount "85"]
[EventDate "2021.??.??"]
[EventType "blitz"]

1. e4 e5 2. Nf3 d5 3. Nxe5 Qe7 4. d4 f6 5. Qh5+ g6 6. Nxg6 Qxe4+ 7. Be2 Qxg6 8.
Qxd5 Ne7 9. Qf3 Nbc6 10. c3 Bf5 11. Nd2 h5 12. h3 O-O-O 13. O-O Nd5 14. Bb5 Bd6
15. Bxc6 bxc6 16. c4 Rhg8 17. cxd5 cxd5 18. b3 h4 19. a4 Bf4 20. g4 Bxd2 21.
Qd1 Bf4 22. Bxf4 Bxg4 23. hxg4 h3 24. Bg3 h2+ 25. Kxh2 Qe4 26. f3 Qe3 27. Kg2
f5 28. Qc1 Qxc1 29. Raxc1 fxg4 30. Rxc7+ Kb8 31. Rd7+ Ka8 32. Rxd8+ Rxd8 33.
fxg4 Kb7 34. g5 Ka6 35. Rf6+ Ka5 36. g6 Kb4 37. g7 Rg8 38. Rf7 Kxb3 39. Be5
Kxa4 40. Rf8 Kb5 41. Rxg8 a5 42. Rb8+ Kc4 43. g8=Q {Normal} 1-0

[Event "Rated Blitz game"]
[Site "?"]
[Date "2021.06.28"]
[Round "?"]
[White "EfrenRamos1979"]
[Black "artsportscience"]
[Result "1-0"]
[WhiteElo "2472"]
[BlackElo "2407"]
[PlyCount "63"]
[EventDate "2021.??.??"]
[EventType "blitz"]

1. e4 e5 2. Nf3 d5 3. Nxe5 Bd6 4. d4 dxe4 5. Nc4 Nf6 6. Nc3 Be7 7. Bf4 c6 8. a4
Bf5 9. Ne3 Bg6 10. h4 h6 11. h5 Bh7 12. Bc4 Nbd7 13. Ng4 O-O 14. Qe2 Nb6 15.
Bb3 Qxd4 16. Be5 Qd8 17. Rd1 Nfd5 18. a5 Nd7 19. Nxd5 cxd5 20. Rxd5 Qc8 21.
Nxh6+ Kh8 22. Ng4 Nxe5 23. Nxe5 Bf6 24. Ng6+ Kg8 25. c3 Re8 26. Rh3 Qc6 27. Nf4
Rad8 28. Qc4 Qxc4 29. Bxc4 Rxd5 30. Nxd5 Bg5 31. Rg3 Bh6 32. Nf6+ {Normal} 1-0

[Event "Rated Blitz game"]
[Site "?"]
[Date "2021.06.28"]
[Round "?"]
[White "CVFrancisco_15_Pasig"]
[Black "annaly1979"]
[Result "1-0"]
[WhiteElo "2428"]
[BlackElo "2428"]
[PlyCount "65"]
[EventDate "2021.??.??"]
[EventType "blitz"]

1. e4 e5 2. Nf3 d5 3. Nxe5 Qe7 4. d4 f6 5. Nd3 Nc6 6. c3 Bf5 7. Be2 Bxe4 8. O-O
Qf7 9. Re1 O-O-O 10. Bf4 g5 11. Bg3 h5 12. f3 Bxd3 13. Bxd3 h4 14. Bf2 h3 15.
g3 Bd6 16. Nd2 Nge7 17. Qe2 Kb8 18. Qe6 Qg7 19. Nf1 f5 20. Ne3 f4 21. Nf5 fxg3
22. Nxg7 gxf2+ 23. Kxf2 g4 24. Qxg4 Rhg8 25. Rg1 Bxh2 26. Qxh3 Bxg1+ 27. Rxg1
Rh8 28. Qe6 Rd6 29. Qe3 Rf6 30. Ne6 a6 31. Nc5 Rh2+ 32. Rg2 Rh3 33. Nd7+ {
Normal} 1-0

[Event "Rated Blitz game"]
[Site "?"]
[Date "2021.06.28"]
[Round "?"]
[White "darkdisaster2002"]
[Black "KinzyabulatovRenat"]
[Result "1-0"]
[WhiteElo "2485"]
[BlackElo "2360"]
[PlyCount "57"]
[EventDate "2021.??.??"]
[EventType "blitz"]

1. e4 e5 2. Nf3 d5 3. Nxe5 Bd6 4. d4 dxe4 5. Bf4 Nf6 6. Bc4 O-O 7. O-O Nc6 8.
Nc3 Qe8 9. Nxc6 Bxf4 10. Nb4 c6 11. a4 a5 12. Nba2 Ng4 13. h3 Nf6 14. Nc1 Bf5
15. N1e2 Bc7 16. Ng3 Bg6 17. Qe2 Rd8 18. Rad1 e3 19. d5 cxd5 20. Nxd5 Nxd5 21.
Bxd5 Bxg3 22. fxg3 Qe5 23. c4 b6 24. Rf3 Rfe8 25. Re1 Qd4 26. Rxe3 h5 27. Kh2
Rxe3 28. Qxe3 Qxb2 29. Qg5 {Time forfeit} 1-0